000
00430 a2200181 4500
260
_a
Paris
260
_b
Masson et Cie
245
_a
Médecine: enseignement des centres hospitalo-universitaires
100
_a
Obraska, P.
700
_a
Perlemuter, L.
700
_a
Quevauvilliers, J.
260
_c
1973
300
_a
341 p.
035
_a
9145
999
_c
18657
_d
18657